Marketing dịch vụ hiện đại : Lý thuyết và tình huống ứng dụng của các công ty Việt Nam

Sách trình bày các khái niệm và đặc điểm của marketing dịch vụ, cách thiết kế và quản trị dịch vụ, định giá, phân phối, truyền thông và quản trị nguồn nhân lực trong doanh nghiệp dịch vụ. Nội dung kết hợp lý thuyết và tình huống thực tiễn...

Mô tả đầy đủ

Đã lưu trong:
Chi tiết về thư mục
Tác giả chính: Lưu Đan Thọ
Tác giả khác: Tôn Thất Hoàng Hải, Cao Minh Nhựt
Định dạng: Sách
Ngôn ngữ:Vietnamese
Được phát hành: H. Tài chính 2016
Những chủ đề:
Các nhãn: Thêm thẻ
Không có thẻ, Là người đầu tiên thẻ bản ghi này!
Thư viện lưu trữ: Thư viện Trường Đại học Nam Cần Thơ
LEADER 01450nam a22002177a 4500
001 NCT_4_028861
008 251120b xxu||||| |||| 00| 0 vie d
999 |c 9445  |d 9445 
020 |a 893T100200044  |c 178000 
082 0 4 |2 23rd ed.  |a 658.802  |b Th400 
100 1 |a Lưu Đan Thọ 
245 1 0 |a Marketing dịch vụ hiện đại :  |b Lý thuyết và tình huống ứng dụng của các công ty Việt Nam  |c Lưu Đan Thọ, Tôn Thất Hoàng Hải, Cao Minh Nhựt 
260 |a H.  |b Tài chính  |c 2016 
300 |a 544 tr.  |b Minh hoạ  |c 20 cm 
520 3 |a Sách trình bày các khái niệm và đặc điểm của marketing dịch vụ, cách thiết kế và quản trị dịch vụ, định giá, phân phối, truyền thông và quản trị nguồn nhân lực trong doanh nghiệp dịch vụ. Nội dung kết hợp lý thuyết và tình huống thực tiễn tại các doanh nghiệp Việt Nam, giúp người đọc hiểu và áp dụng hiệu quả marketing trong lĩnh vực dịch vụ. 
653 |a Quản trị kinh doanh 
700 1 |a Tôn Thất Hoàng Hải 
700 1 |a Cao Minh Nhựt 
942 |2 ddc  |c BK 
952 |0 0  |1 0  |2 ddc  |4 0  |6 658_802000000000000_TH400  |7 0  |9 31585  |a 000001  |b 000001  |d 2025-11-20  |o 658.802 Th400  |p MD.24601  |r 2025-11-20  |v 178000.00  |w 2025-11-20  |y BK 
980 |a Thư viện Trường Đại học Nam Cần Thơ